| 000 | 00358nam a2200133Ia 4500 | ||
|---|---|---|---|
| 008 | 210210b1998 xxu||||| |||| 00| 0 eng d | ||
| 082 | _a025.04 SEHH | ||
| 100 | _aSEHGAL (R L) | ||
| 245 | _aHand book of library software packages. | ||
| 260 |
_aNew Delhi. _bEss Ess Publications. _c1998 |
||
| 300 | _aviii,306 | ||
| 690 | _aLibrary Science | ||
| 906 | _a054108 | ||
| 999 |
_c102297 _d102297 |
||